| 000 | 01494nam a2200253Ia 4500 | ||
|---|---|---|---|
| 003 | Ost | ||
| 005 | 20260507074840.0 | ||
| 008 | 260507s9999||||xx |||||||||||||| ||und|| | ||
| 020 | _a9789957579852 | ||
| 040 | _cfsecg | ||
| 041 | _aara | ||
| 082 | _a350.72 | ||
| 100 |
_aيحياوي، نعيمة _eمؤلف |
||
| 245 | 0 |
_aالتحولات الكبرى في أنظمة مراقبة التسيير والموازنات التقديرية / _c نعيمة يحياوي |
|
| 260 |
_aعمان: _bدار الراية للنشر والتوزيع, _c2015 |
||
| 300 |
_a388 صفحة؛ _bإيضاحات ؛ _c25 سم |
||
| 504 | _aببليوغرافيا: ص.373-388 | ||
| 520 | _aيضم مدخل لمراقبة التسيير، الأداء ومؤشرات تقييم الأداء، أسعار التحويل الداخلي ومراقبة التسيير بإستعمال الموازنات التقديرية، الموازنة التقديرية للمبيعات ، الموازنة التقديرية للإنتاج والموازنة التقديرية للتموينات، التوجهات الحديثة لنظام الموازنات التقديرية، الأدوات التقليدية في تقييم الأداء والأدوات الحديثة لتقييم الأداء. | ||
| 653 | _aالميزانيات التقديرية | ||
| 653 | _aتقييم الأداء | ||
| 653 | _aمراقبة الإنتاج | ||
| 700 |
_aمقري، زكية _eمؤلف ثانوي |
||
| 942 | _cكتاب | ||
| 999 |
_c41516 _d41516 |
||